| 000 | 01062nam a22003017a 4500 | ||
|---|---|---|---|
| 003 | CHAP | ||
| 005 | 20220329140928.0 | ||
| 008 | 971013s1992 r 00010 d | ||
| 010 | _a59933 | ||
| 011 | _a60905 | ||
| 035 | _a65069 | ||
| 040 | _cCHAP | ||
| 100 | 0 | 0 |
_aVásquez Penagos, Sonia Isabel. _9120255 |
| 245 | _aRespuesta de la pitaya (Selenicereus megalanthus exp. F. Vaupel) a la fertilización edáfica en la región de Tena (Cundinamarca) | ||
| 260 |
_aSanta Fé de Bogotá, D. C. : _bUniversidad Nacional de Colombia, _c1992 |
||
| 300 |
_a67 h. _e+ anexos |
||
| 500 | _aFotocopia | ||
| 590 |
_aBATCH-UPD _b10 _c20130110 _lUCH01 _h0505 |
||
| 590 |
_aBATCH-UPD _b10 _c20130410 _lUCH01 _h0143 |
||
| 590 |
_aBATCH-UPD _b10 _c20130914 _lUCH01 _h2017 |
||
| 590 |
_aCONVERSION _b10 _c20130109 _lUCH01 _h1332 |
||
| 650 | 1 | 4 |
_aSelenicereus magalanthus. _9103790 |
| 700 | 0 |
_aVega Lizarazo, Janneth. _9118276 |
|
| 901 | _aBK | ||
| 942 | _cFOLL | ||
| 949 |
_bBC _cTES _d-143909 _eTS1 _h29081 _i65069 _si |
||
| 949 |
_bBC _cTES _d33724000608428 _eTS2 _fc.2 _h30624 _i65069 _si |
||
| 999 |
_c59933 _d59933 |
||